| 000 | 00651cam a22002174a 4500 | ||
|---|---|---|---|
| 999 |
_c1283 _d1283 |
||
| 001 | 14092 | ||
| 003 | BD-DhUAP | ||
| 005 | 20200204161923.0 | ||
| 008 | 200204r20091960ii 001 0 eng d | ||
| 020 | _a9788180385599 | ||
| 040 |
_aDLC _cBD-DhUAP _bEng _dBD-DhUAP |
||
| 082 |
_223 _a341.762 BAS |
||
| 100 | 1 | _aBasu, Durga Das. | |
| 245 | 1 | 0 |
_aIntroduction to the Constitution of India / _cDurga Das Basu. |
| 250 | _a20th ed. | ||
| 260 |
_aNew Delhi : _bLexis Nexis Butterworths Wadhwa Nagpur, _cc1960 [Reprinted 2009]. |
||
| 300 |
_axxii, 509 pages ; _c24 cm. |
||
| 500 | _aIncludes index. | ||
| 650 | 0 |
_aConstitutional law _zIndia. |
|
| 942 |
_2ddc _cBK |
||